IFRS 9 namiesto IAS 39

Zložitosť účtovania finančných nástrojov. Nový štandard IFRS 9, ktorý nahradí IAS 39. História IFRS 9. Oceňovanie dlhových finančných aktív.

Na minha lista:
Detalhes bibliográficos
Autor principal: Ponecová, Gabriela
Formato: Capítulo de Livro
Idioma:eslovaco
Assuntos:
Tags: Adicionar Tag
Sem tags, seja o primeiro a adicionar uma tag!

MARC

LEADER 00000naa$a2200000$$$4500
001 0116437
005 20240502072310.6
041 0 |a slo 
044 |a SK 
245 1 0 |a IFRS 9 namiesto IAS 39  |c Gabriela Ponecová 
520 |a Zložitosť účtovania finančných nástrojov. Nový štandard IFRS 9, ktorý nahradí IAS 39. História IFRS 9. Oceňovanie dlhových finančných aktív. 
610 2 0 |a účtovníctvo 
610 2 0 |a IFRS 
610 2 0 |a štandardy účtovné medzinárodné 
610 2 0 |a nástroje finančné 
610 2 0 |a oceňovanie 
610 2 0 |a aktíva 
100 1 |a Ponecová, Gabriela